00377nam a2200133Ia 4500082001700000100001800017245004900035260003700084300001000121504001900131650003200150650003500182650002600217 a320.01 JUN-; aJung-Ki, Park 0aTowards neo-politics: the World of Bulihuail aSeoulbMun Mu Publicationsc1995 a321p. aIncludes index aPolitical science - History aPolitical science - Philosophy aPolitical development